000 01820 am a2200397 a 4500
005 20240524084533.0
008 100427s2009||||mx a f |||| 001 0 spa d
020 _a9786077504290
041 _aspa
092 _c617.96
_l10
_sCAR
100 1 _aCarrillo Esper, Raúl.
_9575
245 _aAnestesia en trauma /
_cRaúl Carrillo Esper
250 _a1a ed.
_bColección Platino de la Academia Mexicana de Cirugía
260 _aMéxico:
_bAlfil;
_c2009.
300 _a269 p.
500 _aCarrillo Esper, R. y Rivera Flores, J. (2009). Anestesia en trauma. (1a ed.). México : Alfil.
590 _aDonación Academia Mexicana de Cirugía, 2010
653 _aEpidemiología de los traumatismos
653 _aMecanismos de lesión y cinemática del trauma
653 _aManejo inicial del paciente politraumatizado
653 _aVia respiratoria en el paciente con trauma: evaluación y manejo
653 _aTransporte del paciente traumatizado. Cambios fisiológicos
653 _aValoración preoperatoria en trauma
653 _aManejo perioperatorio en el paciente con trauma severo
653 _aCirugía de control de daños: indicaciones en el paciente traumatizado
653 _aReanimación cardio-cerebro-pulomonar en paciente con trauma
653 _aCriterios de admisión a la unidad de cuidados intensivos traumatológica
653 _aMuerte cerebral y trauma
653 _aConsideraciones perianestésicas en la procuración de órganos
653 _aTrastornos de estrés postraumático en el paciente traumatizado
653 _aAspectos éticos y bioéticos de reanimación en el paciente traumatizado
653 _aAspectos médico-legales en procedimientos anestésico-quirúrgico en trauma
700 1 _aRivera Flores, Jaime.
_9580
930 _a2093
942 _2ddc
_cBK
999 _c264
_d264